| 000 | 00488nam a22001937a 4500 | ||
|---|---|---|---|
| 003 | CEME | ||
| 005 | 20210628202507.0 | ||
| 008 | 210122b xxu||||| |||| 00| 0 eng d | ||
| 020 | _a1-58488-526-2 | ||
| 040 | _c. | ||
| 082 | _a511.322 NGU | ||
| 100 |
_aNguyen , Hung .T Walker , Elbert .A _960141 |
||
| 245 | _aA first course in fuzzy logic | ||
| 250 | _a3RD | ||
| 260 |
_aNEW YORK _bCHAPMAN & HALL _c2006 |
||
| 300 | _aIX,430 P | ||
| 650 |
_aFUZZY LOGIC _960142 |
||
| 942 |
_cBK _2ddc |
||
| 999 |
_c569948 _d569948 |
||